Statistics for US Presidents Who Have Died in Office

Click here to take the quiz!

General Stats

  • This quiz has been taken 182 times
  • The average score is 7 of 8

Answer Stats

YearPresident% Correct
1963John F. Kennedy
98%
1865Abraham Lincoln
97%
1945Franklin D. Roosevelt
95%
1841William Henry Harrison
89%
1901William McKinley
89%
1881James A. Garfield
88%
1923Warren Harding
82%
1850Zachary Taylor
82%

Score Distribution

Percentile by Number Answered

Percent of People with Each Score

Your Score History

You have not taken this quiz